[Event "EU-chT (Men) 13th"]
[Site "Leon"]
[Date "2001.11.14"]
[Round "8.1"]
[White "Milov, Vadim"]
[Black "Ftacnik, Lubomir"]
[Result "1/2-1/2"]
[WhiteElo "2602"]
[BlackElo "2566"]
[Annotator "Krasenkow,M"]
[PlyCount "131"]
[EventDate "2001.11.06"]
[EventType "team-swiss"]
[EventRounds "9"]
[EventCountry "ESP"]
[SourceTitle "CBM 086"]
[Source "ChessBase"]
[SourceDate "2002.02.05"]
[SourceVersion "1"]
[SourceVersionDate "2002.02.05"]
[SourceQuality "1"]
[WhiteTeam "Switzerland"]
[BlackTeam "Slovakia"]
[WhiteTeamCountry "SUI"]
[BlackTeamCountry "SVK"]

1. d4 Nf6 2. c4 g6 3. Nc3 d5 4. cxd5 Nxd5 5. e4 Nxc3 6. bxc3 Bg7 7. Qa4+ {
It is believed that this move was played for the first time by Georgian GM
Lasha Janjgava against me in 1988. However, Russian IM Alexei Gavrilov applied
it earlier - in the mid-80s. Alas, those games didn't get into databases.
Black now has five possibilities to parry the check (not counting 7..Kf8, of
course) but each of them has its drawbacks.} Qd7 {The most solid move.} 8.
Qxd7+ Nxd7 {This knight is quite passive here.} (8... Bxd7 {, with idea ...c5
and Nc6, is played more frequently and is considered sufficient for equality.
To} 9. Ba3 {Black changes his plan and plays} e5 {Here is the classic example:}
10. Nf3 (10. d5 $6 Bf8 $1 {xc5}) 10... exd4 11. cxd4 Nc6 12. Rc1 O-O-O 13. d5
Rhe8 $1 14. dxc6 Rxe4+ 15. Be2 Bxc6 16. Bc5 Bh6 17. Be3 Bxe3 18. fxe3 Rxe3 19.
Kf2 Ra3 20. Rc2 Be4 21. Rb2 Bd5 22. Ra1 Rd6 $132 {1/2-1/2 Gurevich,
M-Azmaiparashvili,Z/Elenite 1994/CBM 44/ (53)}) 9. Be3 {Other options:} (9. Bd3
b6 (9... c5 10. Ne2 b6 11. O-O Bb7 12. Be3 O-O 13. e5 cxd4 14. cxd4 Rfc8 15. f4
e6 16. g4 $14 {1-0 Haag,W-Erben,W/Germany 1990/GER-chT2 (45)}) 10. Ne2 O-O 11.
O-O Rd8 {[%cal Yd7c5,Yd7e5]} 12. Bc4 Bb7 13. f3 c5 14. Be3 Rac8 15. Rfc1 Rc7
16. Rab1 Rdc8 17. Bb5 cxd4 18. cxd4 e6 $11 {1/2-1/2 Summermatter,D-Hort,V/Biel
1991/CBM 25 (102)}) (9. Ba3 b6 10. Bd3 e5 11. Ne2 Bb7 12. Rd1 O-O-O 13. f3 Bf8
14. Bc1 Be7 15. Bc4 f6 16. Bh6 Bf8 17. Be3 Re8 18. Kf2 Bd6 19. Ng3 Re7 20. Bh6
Kb8 21. h4 exd4 22. cxd4 c5 23. Be3 cxd4 24. Bxd4 {1/2-1/2 Polgar,Z-Rajkovic,D/
Lillafured 1989/TD (24)}) (9. Nf3 c5 (9... b6 10. Be3 (10. Bd3 Nc5 $5 11. Bc2
Ba6 12. Be3 Nd3+ 13. Kd2 Nb2 14. Kc1 Nc4 15. Ba4+ Kf8 16. Bc6 {1/2-1/2 Khenkin,
I-Jaracz,P/Andorra AND 2001/The Week in Chess 349 (16)}) 10... Bb7 11. Nd2 O-O
12. Bb5 c6 13. Bd3 e5 14. Rc1 Rad8 15. Ke2 Rfe8 16. f3 Nf8 17. Bg5 Ra8 18. dxe5
Ne6 19. Be3 Bxe5 20. g3 Rad8 21. Bc4 Kg7 22. a4 $14 {1/2-1/2 Parulava,T-Pribyl,
J/Marbach 1994/EXT 97 (40)}) 10. Be3 O-O 11. Rb1 Rd8 12. Be2 Nf6 13. Nd2 cxd4
14. cxd4 Ng4 15. Bxg4 Bxg4 16. f3 Bc8 17. Nb3 b6 18. Kd2 f5 19. Rhc1 fxe4 20.
fxe4 Rd7 21. Bg5 h6 22. Bh4 Ba6 23. Ke3 Rad8 24. d5 g5 25. Bg3 e6 $132 {
1/2-1/2 Vokac,M-Pribyl,J/Stary Smokovec 1988/EXT 97 (41)}) 9... e5 (9... O-O
10. Bc4 c5 {is another possible plan (perhaps, more solid in this position):}
11. Ne2 b6 12. O-O Bb7 13. f3 (13. e5 $5) 13... cxd4 14. cxd4 Rac8 15. Rac1
Rfd8 16. Rfd1 h6 17. Bb5 Nb8 18. Rxc8 Rxc8 19. Rc1 Rxc1+ {1/2-1/2 Marchand,
E-Gaborit,J/Pau 1989/EXT 97 (19)}) ({Or} 9... b6 10. Bd3 Bb7 11. Ne2 O-O 12.
O-O Rfd8 {[%cal Rd7c5]} 13. Rad1 c5 14. e5 Rac8 15. f4 e6 (15... cxd4 16. cxd4
Bh6 17. Bf2 (17. g4 $142) 17... Bd5 18. Bh4 f6 19. Rc1 fxe5 20. Bxe7 Rxc1 21.
Rxc1 Re8 22. Bd6 exd4 23. Nxd4 {1/2-1/2 Mirumian,V-Stambulian,A/Yerevan 1994/
EXT 97 (23)}) 16. g4 {1/2-1/2 Piskov,Y-Huzman,A/Belgorod 1989/TD (16)}) 10. Nf3
O-O 11. Rb1 (11. Rc1 Re8 (11... c6 $5) 12. Bc4 Nb6 13. Bb3 a5 14. a3 (14. Nxe5
$142) 14... Bd7 15. Ng5 Re7 16. d5 Nc8 17. c4 h6 18. Nf3 Nd6 19. Nd2 b6 20. c5
bxc5 21. Rxc5 a4 22. Bc2 Bb5 23. f3 c6 24. dxc6 Rc7 $11 {1/2-1/2 Gavrilov,
A-Iljin,S/Pardubice 1997/CBM 59 ext (69)}) 11... c6 12. Bd3 (12. Bc4 $5 {
should be tested}) 12... Re8 13. O-O exd4 14. cxd4 Nf6 15. e5 {White gives up
the d5 square, after which Black's position is quite comfortable. However,
White has no good ways to protect the e4 pawn.} (15. Ne5 {is harmless in view
of} c5 $1 16. f4 (16. Bb5 Re7) 16... cxd4 17. Bxd4 Rd8 18. Bc3 b6 {[%cal Yc8e6]
}) ({Or} 15. Nd2 Ng4 16. Rfc1 Nxe3 17. fxe3 Re7 {and Black is OK.}) 15... Nd5 {
[%csl Gd5]} 16. Bc4 h6 17. Rfc1 Nb6 18. Bb3 Bf5 19. Ra1 Rad8 20. a4 Nd5 21. a5
a6 {White's space advantage compensates his "bad" e3 bishop. After long
manoeuvring the game ends in a draw.} 22. Bc2 Bxc2 23. Rxc2 Nc7 24. Nd2 Nb5 25.
Nb3 Rd5 26. f4 Bf8 27. Kf2 h5 28. Ra4 Nc7 29. Nc5 Bxc5 30. Rxc5 Red8 31. h3
Rxc5 32. dxc5 Rd3 33. Rd4 Rxd4 34. Bxd4 Nd5 35. Kf3 Kf8 36. Ke4 Ne7 37. Bf2 Ke8
38. g4 hxg4 39. hxg4 Kd7 40. f5 gxf5+ 41. gxf5 Nd5 42. Kf3 Ke7 43. Kg4 Ke8 44.
Kg5 Ke7 45. Kh6 Kf8 46. Bd4 Ne7 47. Kg5 Nd5 48. Bb2 Ke7 49. Kh6 Kf8 50. Bc1 Ne7
51. Kg5 Nd5 52. Bd2 Ke8 53. Kg4 Kd7 54. Kf3 Ke8 55. Ke4 Nc7 56. Kd4 Nb5+ 57.
Kd3 Kd7 58. Ke4 Ke7 59. Be1 Ke8 60. e6 $5 fxe6 61. f6 {A harmless attempt but
White doesn't risk a lot either.} Kf7 62. Ke5 Na3 (62... Nc7 63. Kd6 Nd5 64.
Kd7 $11) 63. Kd6 Kxf6 64. Bh4+ {A strange check but still White has a draw.} (
64. Kc7 Ke5 65. Kxb7 Kd5 66. Kxa6 Nc4 $11) 64... Kf5 65. Kc7 Nc4 66. Be1 (66.
Be1 Ke5 67. Kxb7 Kd5 68. Kxa6 Kxc5 69. Kb7 $11) 1/2-1/2

[Event "EU-chT (Men) 15th"]
[Site "Gothenburg"]
[Date "2005.07.31"]
[Round "2.2"]
[White "Sokolov, Ivan"]
[Black "Eljanov, Pavel"]
[Result "1/2-1/2"]
[WhiteElo "2691"]
[BlackElo "2639"]
[Annotator "Krasenkow,M"]
[PlyCount "60"]
[EventDate "2005.07.30"]
[EventType "team-swiss"]
[EventRounds "9"]
[EventCountry "SWE"]
[SourceTitle "CBM 109"]
[Source "ChessBase"]
[SourceDate "2005.11.14"]
[SourceVersion "1"]
[SourceVersionDate "2005.11.14"]
[SourceQuality "1"]
[WhiteTeam "Netherlands"]
[BlackTeam "Ukraine"]
[WhiteTeamCountry "NED"]
[BlackTeamCountry "UKR"]

1. d4 Nf6 2. c4 g6 3. Nc3 d5 4. cxd5 Nxd5 5. Bd2 Bg7 6. e4 Nb6 7. Be3 O-O 8. h3
e5 ({About} 8... f5 {- see CBM107, annotations to I.Sokolov-Krasenkow.}) 9. Nf3
{The most popular move but the others deserve attention, too:} (9. d5 c6 10.
Qd2 (10. Qb3 cxd5 11. exd5 Na6 12. Rd1 Bd7 13. Nf3 Rc8 14. Bxa6 bxa6 15. O-O
Nc4 16. Nd2 Nxe3 17. fxe3 Qb6 18. Qxb6 axb6 19. e4 b5 20. a3 f5 $15 {1/2-1/2
Moskalenko,V-Vidarte Morales,A/Badalona 2001/EXT 2002 (25)}) 10... cxd5 11.
exd5 N8d7 12. Nf3 Nf6 13. Rd1 e4 14. Nh2 Bd7 15. Be2 Rc8 16. O-O Nc4 17. Bxc4
Rxc4 18. b3 Rc8 19. Bd4 Re8 20. Rfe1 Qa5 $132 {1/2-1/2 Von Herman,U-Pribyl,J/
Schaan 1998/CBM 064 ext (45)}) (9. dxe5 $5 Bxe5 (9... N8d7 $5) 10. Nf3 Bg7 11.
Qc1 Nc6 12. Be2 Be6 13. O-O Qe7 14. a4 Nc4 15. Bh6 Nd6 $6 16. Qf4 f5 17. Bxg7
Kxg7 18. exf5 Bxf5 19. Qg3 $14 {1-0 Kalantarian,N-Magnier,H/Val Thorens 1992/
EXT 2004 (28)}) 9... exd4 (9... Nc6 $6 10. d5 Ne7 11. Qb3 (11. Bc5 $5 Re8 12.
Qb3 Bd7 13. a4 Rb8 14. a5 Nbc8 15. Bc4 $16 {0-1 Rottier,P-Wolferink,F/Antwerp
2003/EXT 2005 (26)}) 11... c6 12. Rd1 cxd5 13. exd5 e4 14. Bxb6 (14. Nxe4 $5)
14... Qxb6 15. Qxb6 axb6 16. Ng5 Bxc3+ 17. bxc3 h6 $2 (17... Nf5 $13) 18. Nxe4
Nxd5 19. Rxd5 Re8 20. f3 f5 21. Bc4 Kg7 22. O-O fxe4 23. fxe4 Rxe4 24. Rd4 $16
{1-0 Flear,C-Goncalves,L/France 2003/CBM 094 (27)}) 10. Bxd4 (10. Nxd4 Qe7 (
10... N8d7 11. Rc1 (11. Qc2 Ne5 12. b3 Qe7 13. Rd1 c5 14. Ndb5 Nc6 15. Nb1 Nd7
16. Be2 Rb8 17. O-O a6 18. N5c3 Nd4 19. Nd5 Qh4 $36 {1/2-1/2 Ernst,S-Eljanov,P/
Amsterdam NED 2005/The Week in Chess 558 (65)}) 11... Ne5 12. b3 Qe7 13. Be2
Bd7 14. O-O Nc6 15. Ndb5 Be6 16. Nd5 Nxd5 17. exd5 Rfd8 18. Bf3 Be5 19. Re1 (
19. dxe6 $1 Rxd1 20. exf7+ Qxf7 21. Rfxd1 Rd8 22. Nxa7 {Chessbase}) 19... a6
20. Nd4 Nxd4 $2 (20... Bxd5) 21. Bxd4 Bxd4 22. Qxd4 $16 {1/2-1/2 Calleja
Quintana,J-Lobo Rodriguez,J/Oviedo 2003/EXT 2004 (33)}) 11. Qc2 Bd7 (11... f5
12. Nb3 Re8 13. O-O-O fxe4 14. Nc5 Nc6 15. N3xe4 Be6 16. Nxe6 Qxe6 17. Bxb6
Qxe4 18. Qxe4 Rxe4 19. Be3 $14 {1-0 Kulaots,K-Oim,T/Parnu/Tallinn 2001/CBM 081
ext (57)}) 12. Nb3 Re8 13. Be2 Nc6 14. O-O Be6 15. Rad1 Nb4 16. Qb1 Bxb3 17.
axb3 Qe6 18. Nb5 Qe7 19. Qc1 Na6 20. Nc3 Nb4 21. Nb5 Na6 22. Nc3 Nb4 23. Nb5 {
1/2-1/2 Sokolovs,A-Ostenstad,B/Debrecen 1992/EU-chT/[Bulletin]}) 10... Bxd4 $1
$146 {[%mdl 8] The most accurate order of moves.} (10... Nc6 11. Bxg7 Kxg7 12.
Bb5 Qxd1+ (12... Qf6 13. Bxc6 Qxc6 14. Qd4+ (14. O-O Be6 15. Qd4+ Kg8 16. Rfd1
Rad8 $6 17. Qxd8 Rxd8 18. Rxd8+ Kg7 19. Nd4 Qc4 20. Rd1 $16 {1-0 Conquest,
S-Webb,R/England 1998/CBM 064 ext (31)}) 14... f6 15. O-O Qc4 16. Qe3 Qf7 17.
Rac1 Be6 18. b3 c6 19. Nd4 Rfe8 20. Rfd1 Rad8 21. Qg3 $14 {[+]1-0
Chernuschevich,A-Ruck,R/Bratislava 1993/TD (36)}) 13. Rxd1 Bd7 14. O-O a6 15.
Bxc6 Bxc6 16. Nd4 Bd7 17. f4 Rfd8 18. b3 c5 19. Nf3 Bc6 20. Kf2 a5 21. Ne5 $14
{/=1/2-1/2 Wang Lei-Qin Kanying/Shanghai 2000/CBM 076 (58)}) (10... Be6 $5 11.
Bxg7 Kxg7 12. Qd4+ Qxd4 13. Nxd4 c5 14. Ndb5 Nc6 15. O-O-O Rfd8 16. Be2 a6 17.
Nc7 Rac8 18. Rxd8 Rxd8 19. Rd1 Rxd1+ {1/2-1/2 Varga,P-Hoffmann,M/Budapest 1998/
EXT 99}) 11. Qxd4 Nc6 {Black can also safely keep queens on the board as the
white queen will be attacked on d4:} (11... Qe7 12. Qe3 f5 $5 13. Be2 fxe4 14.
Nxe4 Bf5 15. Nc5 Qxe3 16. fxe3 N8d7 17. Nxb7 Rae8 18. O-O Rxe3 19. Rae1 Be4 20.
Na5 Bd5 21. b3 Nc5 $11 {1/2-1/2 Sokolov,I-Sutovsky,E/Gothenburg 2005/CBM 109 
(56)}) 12. Qe3 ({In case of} 12. Qxd8 Rxd8 {Black gains 1-2 tempi comparing to
the 10...Nc6 line.}) 12... Be6 13. Rd1 (13. Bb5 $5 Nb4 14. O-O Nc2 $140 15. Qh6
{is a suggestion for a future analysis.}) 13... Qe7 14. Bd3 Nc4 (14... Nb4 $5 {
[%csl Ra2]} 15. b3) 15. Qc1 Qb4 16. b3 N4e5 17. Nxe5 Nxe5 18. O-O Rad8 {
Black has an active position; White must play carefully not to get into
trouble.} 19. Bb1 Qc5 20. Qb2 Nf3+ {This sacrifice leads to a draw. Black
could have played on by, say,} (20... f6) 21. gxf3 Qg5+ 22. Kh1 Qh5 23. Nd5 $1
{The only move parrying Black's attack.} Rxd5 $1 24. Rxd5 $1 (24. exd5 $2 Bxh3)
24... Qxf3+ $1 25. Kg1 (25. Kh2 Qxh3+ 26. Kg1 Qg4+ 27. Kh2 $11 {was simpler.})
25... Bxh3 26. Rg5 $8 Bxf1 27. Kxf1 Rd8 28. Rd5 Rxd5 29. exd5 Qd1+ 30. Kg2 Qg4+
(30... Qxd5+ $5 {and Black should not be worse in this endgame although a draw
is highly probable.}) 1/2-1/2

[Event "EU-chT (Men) 13th"]
[Site "Leon"]
[Date "2001.11.13"]
[Round "7.1"]
[White "Agrest, Evgenij"]
[Black "Bacrot, Etienne"]
[Result "1-0"]
[WhiteElo "2563"]
[BlackElo "2653"]
[Annotator "Krasenkow,M"]
[PlyCount "75"]
[EventDate "2001.11.06"]
[EventType "team-swiss"]
[EventRounds "9"]
[EventCountry "ESP"]
[SourceTitle "CBM 086"]
[Source "ChessBase"]
[SourceDate "2002.02.05"]
[SourceVersion "1"]
[SourceVersionDate "2002.02.05"]
[SourceQuality "1"]
[WhiteTeam "Sweden"]
[BlackTeam "France"]
[WhiteTeamCountry "SWE"]
[BlackTeamCountry "FRA"]

1. d4 Nf6 2. c4 g6 3. Nc3 d5 4. cxd5 Nxd5 5. e4 Nxc3 6. bxc3 Bg7 7. Nf3 c5 8.
Rb1 O-O 9. Be2 cxd4 10. cxd4 Qa5+ 11. Bd2 Qxa2 12. O-O Bg4 13. Bg5 h6 14. Be3
Nc6 15. d5 Bxf3 16. gxf3 {About this idea - see CBM79.} Nd4 17. Bd3 a5 $146 {
There is a little-known positional rule discovered by Znosko-Borovsky, a
Russian master of the first half of the last century: when you have a material
advantage but your opponent is ahead in development, don't remove your
advanced pieces, even if they don't look safe. They must prevent your
opponent's manoeuvring. That's, by the way, why 12...Qe6 is hardly a good move
in this system. However, in the present position White has rather space than
development advantage while Black's extra pawn can be immediately captured.
Besides, Black's queen prevents further advance of this pawn. Therefore only
concrete analysis and not abstract considerations can deside whether the new
move applied by the French GM, is better than the previously played} (17... Qa3
18. f4 Qd6 19. Rxb7 Rfb8 20. Qb1 Nf3+ 21. Kg2 Nh4+ $13 {1-0 Krasenkow,
M-Svidler,P/Polanica Zdroj 2000/CBM79 (41)}) 18. f4 b5 19. Kh1 $5 {[%cal Yf1g1,
Yf4f5,Yd1g4] An interesting plan connected with the kingside attack.} (19. Bxd4
Bxd4 20. Bxb5 {is another option for White.}) 19... Rfc8 {Of course, Black has
other possibilities like} (19... b4) ({or} 19... a4) 20. f5 Qa4 21. Qd2 Nf3 22.
Qe2 Ne5 23. fxg6 Nxd3 ({After} 23... fxg6 24. Ra1 (24. Rxb5 Nxd3 25. Qxd3 Qc4)
24... Qb3 25. Bxb5 Rc2 26. Qd1 Rb2 {, exchanging the queens, Black has
apparently no problems. But he certainly wanted more!}) 24. gxf7+ Kf8 $2 {
Black choses the worst king retreat (of four!) and finds himself under an
overwhelming attack.} (24... Kh7 {leads to a very unclear position:} 25. Qg4
Rf8 $1 (25... Ne5 $2 26. Qf5+ Kh8 27. Bxh6 Nxf7 (27... Bxh6 28. Qxe5+ Kh7 29.
Qf5+ Kh8 30. Qg6 $18) 28. Bxg7+ Kxg7 29. Rg1+ Kf8 30. Qh7 Ke8 31. Rg8+ Kd7 32.
Qf5+ Kc7 33. Rc1+ $18) 26. Qf5+ Kh8 27. Rg1 (27. Bxh6 $2 Bxh6 28. Qg6 Rxf7)
27... Nxf2+ $3 (27... Ra6 $2 28. Rxg7 Kxg7 29. Rg1+ Kh8 30. Qg4 $18) 28. Bxf2
Rxf7 $1 29. Qg6 (29. Qxf7 Qxe4+ 30. Rg2 Qxb1+ 31. Bg1 Rg8 32. Qxe7 b4 {and
Black's pawns are more dangerous.}) 29... Rg8 $1 (29... Ra6 $5 30. Qg4 $13) 30.
Ra1 Qxa1 31. Rxa1 Rxf2 32. Qb6 $13) (24... Kh8 {was probably the safest line.
This is a possible variation:} 25. Qxd3 (25. Qg4 $2 Ne5) 25... Rc3 26. Qxb5
Qxe4+ 27. f3 {[%cal Rb5e8]} Qg6 28. Qb6 Qxb6 (28... Qxf7 29. Bxh6 Bf6 30. d6)
29. Bxb6 a4 30. Rfe1 Rcc8 (30... a3 31. d6 $1) 31. Rxe7 a3 32. Rbe1 a2 33. Re8+
Kh7 34. Rxc8 Rxc8 35. d6 Bf6 36. d7 Rf8 37. d8=Q Bxd8 38. Bxd8 Rxd8 39. Ra1 Kg7
$11) ({Even} 24... Kxf7 {was possible:} 25. Bxh6 $5 {This was probably White's
idea.} (25. Qg4 $5 {is interesting but Black gains a tempo comparing to the
game. In fact, I don't dare to assess or analyse this position.}) 25... Bxh6
26. Qh5+ Kf6 $8 27. Qxh6+ (27. Rbe1 $5 Rg8 $1 (27... Nxe1 $4 28. e5+) 28. Qxh6+
Rg6 29. e5+ $1 Nxe5 30. Qe3 Qg4 $1 31. Qxe5+ Kf7 32. Qxe7+ Kg8 33. Qe4 Qxe4+
34. Rxe4 a4 {and now White must take care of the draw}) 27... Ke5 28. Qg5+ (28.
Qe6+ Kd4 29. Qxe7 Qc2 $1 (29... Re8 30. Qf6+ Kxe4 31. Rg1 $40) 30. Qf6+ Kc4 {
and the black king should survive}) 28... Kd6 {and White must force a draw by}
29. Qh6+ Kc7 30. Qc6+ Kd8 31. Qb6+ Rc7 32. d6 Nxf2+ $1 33. Qxf2 Qxe4+ 34. Qf3
Qxf3+ 35. Rxf3 Rcc8 36. Rxb5 exd6 37. Rb7 Rc7 38. Rf8+ Ke7 39. Rxa8 Rxb7 40.
Rxa5 $11) {So, the conclusion is: White didn't risk too much starting his
attack. Black should not lose either but it is well-known that it is often
more difficult to defend than attack. After the text move White is apparently
winning.} 25. Qg4 $1 {[%mdl 128]} Ne5 (25... h5 {doesn't help either because of
} 26. Qf5 $1 ({but not} 26. Qg6 Ra6 $3 {The other moves lose, e.g.} (26... Nc5
27. f3 Ra6 (27... Qa3 28. Rg1 Qc3 29. e5 $1 Qxe5 30. Bh6 $18) 28. Qh7 Kxf7 29.
Qxh5+ Kg8 30. Rg1 $18) (26... Ne5 27. Qh7 Kxf7 (27... Nxf7 28. Rg1 Qc2 29.
Qxg7+ Ke8 30. Qh7 $18) 28. Rg1 Rg8 29. Bh6 Ng4 30. Qf5+ Ke8 31. Qxh5+ $18) 27.
Qxa6 Nxf2+ $3 28. Bxf2 Qxe4+ 29. Kg1 Qg4+ $11) 26... Qc2 (26... Ne5 27. Rg1 (
27. Qh7 $18) 27... Ng4 28. Qh7 Kxf7 29. Qxh5+ $18) (26... Nc5 27. f3 $18) (
26... Qc4 27. Rg1 Qc3 28. Bh6 e6 $8 29. Rxg7 exf5 30. Rh7+ Qg7 $8 31. Rxg7 Ke7
32. exf5 {with a winning endgame for White}) 27. Qh7 Kxf7 28. Bd4 Rg8 29. Rg1
e5 30. dxe6+ Kxe6 31. Qf5+ Ke7 32. Qg5+ $18 {with a mating attack}) 26. Qf5
Nxf7 {Black has no other useful move. Meanwhile, White threatens Rg1, then Qh7,
or Bxh6, or doubling the rook along the g-file etc. By the way, the position
of Black's c8 rook proves unfortunate as he can't defend with ...Ra8-a6} 27.
Rg1 {[%cal Yg1g6,Rf5h7]} Bf6 28. Rg6 {[%cal Rb1g1]} Bg5 ({Or} 28... Ng5 29.
Bxg5 hxg5 30. Rg1 $18 (30. Qe6 Bg7 31. d6 $5 $18)) 29. Bxg5 (29. Rg1 $1 {
was winning immediately but the text move leads to a nice finale, too.}) 29...
hxg5 30. Rxg5 Qd4 31. Rbg1 Qh8 32. e5 e6 33. dxe6 Rc7 34. Rh5 $1 Qxe5 35. Rg8+
$1 {[%mdl 64]} Ke7 36. Qxf7+ Kd6 37. Rxe5 Rxg8 38. Qxg8 {GM Evgeny Agrest was
deservedly awarded the brilliancy prize for this game.} 1-0

[Event "BCF-ch 89th"]
[Site "Torquay"]
[Date "2002.08.09"]
[Round "11"]
[White "Lalic, Bogdan"]
[Black "Gormally, Daniel"]
[Result "1/2-1/2"]
[WhiteElo "2540"]
[BlackElo "2525"]
[Annotator "Krasenkow,M"]
[PlyCount "108"]
[EventDate "2002.07.29"]
[EventType "swiss"]
[EventRounds "11"]
[EventCountry "ENG"]
[SourceTitle "CBM 091"]
[Source "ChessBase"]
[SourceDate "2002.11.12"]
[SourceVersion "1"]
[SourceVersionDate "2002.11.12"]
[SourceQuality "1"]

1. d4 Nf6 2. c4 g6 3. Nc3 d5 4. cxd5 Nxd5 5. e4 Nxc3 6. bxc3 Bg7 7. Ba3 Nd7 8.
Nf3 c5 9. Qb3 O-O 10. Bc4 cxd4 11. cxd4 Nb6 {About this line-see CBM86,
annotations to Milov-Svidler.} 12. O-O Nxc4 13. Qxc4 b6 {This move is
apparently unnecessary but White fails to obtain any advantage anyway.} (13...
Bg4 $5 14. Ne5 (14. Rad1 Bxf3 15. gxf3 Qd7 {1-0 Ivanov,I-Lonoff,M/Chicago 1990/
EXT 97 (33). (32)}) 14... Be6 15. Qb4 a5 16. Qxb7 Qxd4 17. Nc6 Qc3 18. Bxe7
Rfe8 $44 {^^}) 14. Rac1 Bg4 15. Ne5 Bxe5 16. dxe5 Rc8 17. Qd5 Be6 18. Qxd8
Rfxd8 19. Bxe7 Rxc1 20. Rxc1 Re8 21. Rc7 {This leads to a drawish endgame with
opposite-coloured bishops.} (21. Bf6 Bxa2 22. f4 {was the last, quite risky
possibility to play for a win.}) 21... Rc8 22. Rxc8+ Bxc8 23. f3 Be6 24. a3 h5
25. Kf2 Bc4 26. h3 Kh7 27. g4 hxg4 28. hxg4 Bd3 29. Ke3 Bc2 30. f4 Bd1 31. g5
Bg4 32. Kd4 Kg8 33. Bd6 Bd1 34. Bb8 a6 35. Bc7 b5 36. Ba5 Bc2 37. Bb4 Bb1 38.
Kd5 Bc2 39. Kc6 Bxe4+ 40. Kb6 Bd5 41. Kxa6 Bc4 42. Kb7 Bd5+ 43. Kc7 Bc4 44. Kb7
Bd5+ 45. Kc7 Bc4 46. Kd7 Kg7 47. Bc3 Kf8 48. Kc6 Bd3 49. Kd7 Bf5+ 50. Kd8 Be6
51. Bb4+ Kg7 52. Kc7 Bf5 53. Kc6 Bd3 54. Kc5 Be2 1/2-1/2